| 000 | 02290nkm0a2200421 4500 | ||
|---|---|---|---|
| 001 | RU\NLR\BIBL_A\022025756 | ||
| 005 | 20250627115742.0 | ||
| 035 | _a(NLR Aleph) 022025756 | ||
| 090 |
_a13317170 _c13317170 |
||
| 100 | _a20230913d1936 |||y0rusy50 ca | ||
| 101 | 0 | _arus | |
| 102 | _aRU | ||
| 116 | _aiiycxx bf ad | ||
| 135 | _acrcn 024anaba | ||
| 181 | 0 |
_ab4 _bxb2e |
|
| 182 | 0 | _an | |
| 200 | 1 |
_aЗаслуженная артистка республики Любовь Петровна Орлова в звуковом художественном фильме "Цирк" _eпроизводство "Мосфильм" _e[плакат] _fтехред Аграненко |
|
| 203 |
_aИзображение _bнеподвижное _bдвухмерное _bвизуальное _cнепосредственное |
||
| 210 |
_a[Москва] _cКинофотоиздат _d1936 _e[Москва] _g2-я Гос. литография |
||
| 215 |
_a1 л. _cхрмолитогр. _d59,1х89,3 |
||
| 300 | _aНа изобр. слева внизу факс. подписи худ.: "Рычков 36г." | ||
| 300 | _aВ вых. данных Главлит В-36942 | ||
| 325 | _aКопия доступна в Электрон. б-ке РНБ | ||
| 327 | 0 | _aЛ. Орлова в образе героини фильма | |
| 600 | 1 |
_aОрлова _bЛ. П. _f1902 - 1975 _gЛюбовь Петровна _jПлакаты _91376184 _3RU\NLR\AUTH\66577062 |
|
| 606 | 1 |
_aКиноплакат русский советский _92131134 _3RU\NLR\AUTH\661589765 |
|
| 686 | _aЩ153(2Р=Рус)7-465 | ||
| 700 | 1 |
_aРычков _bГ. Н. _f1885–1972 _gГригорий Николаевич _4040 |
|
| 712 | 0 | 2 |
_4570 _a"Мосфильм", киностудия _9612524 _3RU\NLR\AUTH\8810055927 |
| 712 | 0 | 2 |
_4650 _aИздательство литературы по кинематографии и фотографии _cМосква _9864937 _3RU\NLR\AUTH\880600003 |
| 852 | 0 | 0 |
_aNLR _bЭ _jАфИс900-III/Ц690 _mЭаф15035 |
| 942 | _cVISUAL | ||
| 980 | _aNB | ||
| 981 | 1 | 7 |
_a(17) Изографические материалы _b(17) Плакаты |